[Event "Varna op 3rd"]
[Site "Varna"]
[Date "2009.06.15"]
[Round "4"]
[White "Bayramov, Elkhan Khayyat"]
[Black "Aleksandrov, Georgi"]
[Result "1-0"]
[WhiteElo "1944"]
[BlackElo "2245"]
[PlyCount "45"]
[EventDate "2009.06.12"]
[EventType "swiss"]
[EventRounds "9"]
[EventCountry "BUL"]
[SourceTitle "CBM 130 Extra"]
[Source "ChessBase"]
[SourceDate "2009.07.02"]
[SourceVersion "2"]
[SourceVersionDate "2009.07.15"]
[SourceQuality "1"]

1. e4 c6 2. d4 d5 3. exd5 cxd5 4. c4 Nf6 5. Nf3 Bg4 6. h3 Bh5 7. cxd5 Nxd5 8. g4 Bg6 9. Ne5 Nc6 10. Qa4 Qb6 11. Bb5 Rc8 12. Nc3 e6 13. Bd2 Bd6 14. Nxd5 exd5 15. Ba5 Bc2 16. b3 Bb4+ 17. Qxb4 Qxa5 18. Bxc6+ bxc6 19. Qxa5 0-0 20. 0-0 f6 21. Nxc6 Kh8 22. Qxd5 Rfd8 23. Nxd8 1-0

[Event "Varna op 3rd"]
[Site "Varna"]
[Date "2009.06.14"]
[Round "3"]
[White "Aleksandrov, Georgi"]
[Black "Vachev, Vladimir"]
[Result "0-1"]
[WhiteElo "2245"]
[BlackElo "2139"]
[PlyCount "100"]
[EventDate "2009.06.12"]
[EventType "swiss"]
[EventRounds "9"]
[EventCountry "BUL"]
[SourceTitle "CBM 130 Extra"]
[Source "ChessBase"]
[SourceDate "2009.07.02"]
[SourceVersion "2"]
[SourceVersionDate "2009.07.15"]
[SourceQuality "1"]

1. d4 Nf6 2. c4 e6 3. Nf3 b6 4. g3 Ba6 5. Qc2 Bb7 6. Bg2 Be4 7. Qb3 Nc6 8. Qd1 Bb4+ 9. Nc3 Bxc3+ 10. bxc3 0-0 11. 0-0 d6 12. Nd2 Bxg2 13. Kxg2 e5 14. d5 Na5 15. e4 Qe8 16. a4 Nd7 17. Ba3 Nb7 18. Nb3 a5 19. Qe2 f5 20. exf5 Rxf5 21. Nd2 Nbc5 22. Bxc5 Nxc5 23. Qg4 Qd7 24. Qd1 Raf8 25. Qc2 Rh5 26. h4 Rxh4 27. Rh1 Rxh1 28. Rxh1 Qf5 29. Qxf5 Rxf5 30. Ra1 h6 31. f3 Kh7 32. Ne4 Nxe4 33. fxe4 Rf6 34. Rh1 Kg6 35. Re1 Kg5 36. Rh1 Kg6 37. Rh4 Kf7 38. Rh1 g5 39. Re1 Kg6 40. Re3 g4 41. Rd3 Kg5 42. Re3 h5 43. Rd3 h4 44. gxh4+ Kxh4 45. Rg3 Kg5 46. Re3 Rf7 47. Rg3 Kf4 48. Kf2 Rh7 49. Rg1 Rh3 50. Rc1 Kxe4 0-1

[Event "BUL-chT"]
[Site "Varna"]
[Date "1995.??.??"]
[Round "5"]
[White "Aleksandrov, Georgi"]
[Black "Panbukchian, Valentin"]
[Result "1/2-1/2"]
[WhiteElo "2235"]
[BlackElo "2395"]
[PlyCount "45"]
[EventDate "1995.??.??"]
[EventType "team"]
[EventRounds "7"]
[EventCountry "BUL"]
[SourceTitle "EXT 2002"]
[Source "ChessBase"]
[SourceDate "2001.11.25"]
[SourceVersion "1"]
[SourceVersionDate "2001.11.25"]
[SourceQuality "1"]

1. e4 d5 2. exd5 Qxd5 3. Nc3 Qd6 4. d4 Nf6 5. Bd3 Bg4 6. f3 Bh5 7. Nge2 Nc6 8. Bf4 Qd7 9. Qd2 e6 10. 0-0-0 0-0-0 11. g4 Bg6 12. Bb5 h6 13. Be5 a6 14. Ba4 Nd5 15. Nxd5 Qxd5 16. Nc3 Qa5 17. Bxc6 bxc6 18. Qe2 Kb7 19. Qc4 f6 20. Bg3 Bb4 21. a3 Bxc3 22. Qxc3 Qxc3 23. bxc3 1/2-1/2